Statistics for Chinese name of cities

Click here to take the quiz!

General Stats

  • This quiz has been taken 6 times
  • The average score is 12 of 20

Answer Stats

HintAnswer% Correct
波哥大 bō gē dàBogotá
100%
利马 lì mǎLima
100%
多哈 dūo hāDoha
83%
香港 xīang gángHong Kong
83%
伊斯坦布尔 yī sī tǎn bù ěrIstanbul
83%
卡拉奇 kǎ lā qíKarachi
83%
开罗 kāi lúoCairo
67%
洛美 lùo měiLomé
67%
平壤 píng rǎngPyongyang
67%
索非亚 suǒ feī yàSofia
67%
德黑兰 dé hēi lánTehran
67%
阿克拉 ā kè lāAccra
50%
贝尔格莱德 bèi ěr gē lái déBelgrade
50%
雅加达 yǎ jīa dáJakarta
50%
马德里 mǎ dé lǐMadrid
50%
圣保罗 shèng bǎo lùoSão Paulo
50%
亚特兰大 yà tè lán dàAtlanta
33%
吉隆坡 jí lóng pōKuala Lumpur
33%
墨尔本 mò ěr běnMelbourne
33%
西班牙港 xī bān yá gǎngPort of Spain
17%

Score Distribution

Percentile by Number Answered

Percent of People with Each Score

Your Score History

You have not taken this quiz